Extremely Hard General Knowledge #84 - Statistics

General Stats
  • This quiz has been taken 69 times
  • The average score is 4 of 20
Answer Stats
Hint Answer % Correct
Elvis Presley, Charlie Chaplin, and Bing Crosby all died in which year? 1977
74%
The amendment to the Constitution of the United States which limits the number of times a person can be elected president to two terms, was which number amendment? 22
47%
What does the computing acronym LCD stand for? Liquid-crystal display
40%
A goitre is an abnormal enlargement of the thyroid gland, commonly caused by a deficiency of which chemical element? Iodine
36%
Taking place in April 1861, what is widely recognized as the first battle of the American Civil War? Battle of {Fort Sumter}
28%
Who was the quarterback for the Seattle Seahawks when they won the Super Bowl in 2026? Sam Darnold
26%
Which American actress played the title character in the TV series Ally McBeal? Calista Flockhart
24%
Diana Ross was nominated for Best Leading Actress Oscar in 1973 for her role as Billie Holiday in which film? Lady Sings the Blues (1972)
19%
Which music term indicating to play "slowly", coming from the Italian translation of the word? Adagio
17%
Lola, Honey, and Daisy are all perfumes produced by which American fashion house? Marc Jacobs
16%
Who is the owner of the Tudor Mansion who is killed at the beginning of a game of Cluedo (UK)? Dr. Black
10%
Which UK city is known by the nickname "Woolopolis" as a reference to the Victorian era woollen industry in the city? Bradford
9%
Which mountain is the 2nd highest in the Alps, and the highest in Austria? Grossglockner
9%
In January 2026, who became the first woman to serve as the Archbishop of Canterbury? Sarah Mullally
5%
After Olympic Gold Medals in the men's and mixed skeleton events at Milano Cortina 2026, who became the first Brit to win multiple Winter Olympic golds at the same games? Matt Weston
3%
The That's Not My... baby and toddler book series are all written by which British children's author? Fiona Watt
2%
In Incan Mythology, who is the sun god often as the patron deity of the Inca Empire? Inti
2%
Which flatbread, from the region of Provence, is traditionally topped with caramelised onions, black olives, and anchovies? Pissaladière
2%
What was the original name of eBay from its formation in 1995 until its name change in 1997? AuctionWeb
0%
What is the name of Pocahontas' mischievous pet raccoon in the 1995 Disney film Pocahontas? Meeko
0%
No matching quizzes found
Score Distribution
Percent of People with Each Score
Percentile by Number Answered
Your Score History
You have not taken this quiz